Score 0/75 Timer 10:00
0 Plays Today
% Correct
Camp
97.1%
Cape
97.1%
Cost
97.1%
Cord
97.1%
Cops
97.1%
Crow
97.1%
Cane
95.6%
Case
95.6%
Chat
95.6%
City
95.6%
Clap
95.6%
Cold
95.6%
Corn
95.6%
Czar
95.6%
Card
94.1%
Call
94.1%
Cage
94.1%
Cast
94.1%
Cell
94.1%
Cent
94.1%
Chin
94.1%
Clue
94.1%
Copy
94.1%
Cone
94.1%
Cure
94.1%
Calf
92.6%
Cafe
92.6%
Cash
92.6%
Chip
92.6%
Clef
92.6%
Claw
92.6%
Cyan
92.6%
Calm
91.2%
Chef
91.2%
Chic
91.2%
Char
91.2%
Club
91.2%
Clop
91.2%
% Correct
Curl
91.2%
Cube
91.2%
Celt
89.7%
Chew
89.7%
Core
89.7%
Cubs
89.7%
Clan
88.2%
Cool
88.2%
Crab
88.2%
Cake
86.8%
Cede
86.8%
Clad
86.8%
Cozy
86.8%
Cope
86.8%
Cite
85.3%
Clam
85.3%
Crop
85.3%
Crag
85.3%
Cute
85.3%
Cask
83.8%
Come
83.8%
Crux
83.8%
Cult
83.8%
Cuba
83.8%
Care
82.4%
Clod
82.4%
Crap
82.4%
Cine
80.9%
Clot
79.4%
Cram
77.9%
Chit
70.6%
Chad
64.7%
Cere
50%
Cess
41.2%
Clog
36.8%
Cist
32.4%
Cyst
32.4%

You're not logged in!

Compare scores with friends on all Sporcle quizzes.
OR
Log In

Sporcle TV

Today on Sporcle TV


Watch our educational content, quiz creation guides, and fun videos on Sporcle TV.

Show Comments

Extras

Top Quizzes Today


Score Distribution

Paid Content

Your Account Isn't Verified!

In order to create a playlist on Sporcle, you need to verify the email address you used during registration. Go to your Sporcle Settings to finish the process.

Report this User

Report this user for behavior that violates our Community Guidelines.

Details: